00859 a2200229 45000010006000000050017000060080041000230030015000640400040000790800058001192450028001770200022002052500012002272640034002393000019002735050170002920410008004621000024004707000018004947000018005128560099005306113820260407155902.0260407a2016 arg spa dAR-UNSa-BCEJYS aAR-UNSa-BCEJYSbspacAR-UNSa-BCEJYS a330.567.28xEconomía y Finanzas de los particulares10aEl negocio del siglo 21 a978-987-04-3276-0 a3a. ed. 1aBuenos Aires :bAguilarc2016 a207 p.c23 cm. aPrimera Parte: Asume el control de tu futuro – Segunda Parte: Un negocio, ocho activos para la creación de riqueza – Tercera Parte: Tu futuro comienza ahora -  aspa1 aKiyosaki, Robert T.1 aFleming, John1 aKiyosaki, Kim41uhttps://www.biblioeco.unsa.edu.ar/pmb/images/libros/L129316.jpgyImagen de portadaqimage/jpeg